[Event "GER-ch 79th"]
[Site "Bad Woerishofen "]
[Date "2008.02.18"]
[Round "4"]
[White "Wehner, Janis"]
[Black "Schlenker, Joerg"]
[Result "1-0"]
[WhiteElo "2184"]
[BlackElo "2297"]
[PlyCount "111"]
[EventDate "2008.02.15"]
[EventType "swiss"]
[EventRounds "9"]
[EventCountry "GER"]
[SourceTitle "CBM 122 Extra"]
[Source "ChessBase"]
[SourceDate "2008.03.04"]
[SourceVersion "1"]
[SourceVersionDate "2008.03.04"]
[SourceQuality "1"]

1. e4 g6 2. d4 Bg7 3. Nf3 d6 4. Nc3 Bg4 5. Be2 Nc6 6. Be3 e5 7. dxe5 Bxf3 8. Bxf3 Nxe5 9. Be2 Ne7 10. 0-0 f5 11. Bg5 Qd7 12. Bxe7 Qxe7 13. exf5 0-0-0 14. Nd5 Qf7 15. f4 Nc6 16. c3 gxf5 17. Qb3 Qg6 18. Bf3 Rhe8 19. Qc4 Rd7 20. b4 Ne7 21. b5 Kd8 22. Rad1 c5 23. bxc6 Nxc6 24. Rd3 Re6 25. Ne3 Ne7 26. Rfd1 Bf8 27. Qb3 Nc6 28. Qb5 Qe8 29. Kf2 Kc7 30. Nxf5 a6 31. Qd5 Kb8 32. Bh5 Qxh5 33. Qxe6 Rf7 34. Nxd6 Qc5+ 35. Kg3 Rg7+ 36. Kf3 Qh5+ 37. Kf2 Qxh2 38. Qh3 Qxf4+ 39. Rf3 Qxd6 40. Rxd6 Bxd6 41. Qe6 Bc5+ 42. Kf1 Re7 43. Qg8+ Ka7 44. Rf7 Re3 45. Qc8 Be7 46. Rxh7 Kb6 47. Kf2 Re5 48. g4 a5 49. Kg3 a4 50. c4 Re2 51. g5 Bd6+ 52. Kf3 Re7 53. Rxe7 Nxe7 54. Qe6 Kc7 55. g6 Nc6 56. Ke4 1-0

[Event "GER-ch 79th"]
[Site "Bad Woerishofen "]
[Date "2008.02.17"]
[Round "3"]
[White "Schlenker, Joerg"]
[Black "Zude, Arno"]
[Result "1/2-1/2"]
[WhiteElo "2297"]
[BlackElo "2452"]
[PlyCount "124"]
[EventDate "2008.02.15"]
[EventType "swiss"]
[EventRounds "9"]
[EventCountry "GER"]
[SourceTitle "CBM 122 Extra"]
[Source "ChessBase"]
[SourceDate "2008.03.04"]
[SourceVersion "1"]
[SourceVersionDate "2008.03.04"]
[SourceQuality "1"]

1. d4 Nf6 2. Nc3 d5 3. Bg5 c5 4. Bxf6 gxf6 5. e4 dxe4 6. d5 f5 7. Qh5 Bg7 8. 0-0-0 Qd6 9. Bb5+ Kf8 10. a4 a6 11. Be2 Nd7 12. f3 Qf4+ 13. Kb1 Nf6 14. Qh3 Bd7 15. Qg3 Qxg3 16. hxg3 Ne8 17. g4 exf3 18. Nxf3 fxg4 19. Ng5 Bxc3 20. bxc3 Nd6 21. Rdf1 Kg7 22. Rf4 f5 23. Bd3 Raf8 24. Re1 Kg6 25. Rxg4 h5 26. Rg3 h4 27. Nf3+ hxg3 28. Ne5+ Kg5 29. Nxd7 Re8 30. Nxc5 Rh2 31. Ne6+ Kf6 32. Nf4 Kg5 33. Ne6+ Kf6 34. Nf4 e5 35. dxe6 Kg5 36. Rf1 Ne4 37. Bxe4 fxe4 38. Kc1 Kg4 39. Kd2 Rh6 40. Nd5 Rd8 41. c4 Rxe6 42. Ke3 Rc8 43. Kd4 Kg5 44. Rf7 Rec6 45. Ne3 R6c7 46. Rf5+ Kg6 47. Rf4 Rc5 48. Rxe4 Ra5 49. Nd5 Rd8 50. Re6+ Kf7 51. Re7+ Kf8 52. Rxb7 Rxa4 53. Rb3 Ra2 54. Rf3+ Ke8 55. Re3+ Kf7 56. Rf3+ Ke6 57. Rxg3 Rxc2 58. Rg6+ Kf5 59. Rxa6 Rxg2 60. Rf6+ Kg5 61. Rf7 Kg6 62. Rc7 Rc2 1/2-1/2

[Event "GER-ch 79th"]
[Site "Bad Woerishofen "]
[Date "2008.02.15"]
[Round "1"]
[White "Schlenker, Joerg"]
[Black "Riegler, Dieter"]
[Result "1/2-1/2"]
[WhiteElo "2297"]
[BlackElo "2155"]
[PlyCount "66"]
[EventDate "2008.02.15"]
[EventType "swiss"]
[EventRounds "9"]
[EventCountry "GER"]
[SourceTitle "CBM 122 Extra"]
[Source "ChessBase"]
[SourceDate "2008.03.04"]
[SourceVersion "1"]
[SourceVersionDate "2008.03.04"]
[SourceQuality "1"]

1. Nc3 c5 2. f4 Nc6 3. Nf3 g6 4. e4 Bg7 5. Bb5 Na5 6. 0-0 a6 7. Be2 Nc6 8. Qe1 d6 9. d3 b5 10. f5 b4 11. Nd5 e6 12. fxe6 fxe6 13. Bg5 Nce7 14. Nxe7 Nxe7 15. c3 bxc3 16. bxc3 0-0 17. Qh4 Ra7 18. d4 Qc7 19. Rad1 cxd4 20. cxd4 Nc6 21. Be3 Qe7 22. Qg3 Ra8 23. h4 Bd7 24. h5 gxh5 25. Bg5 Qe8 26. Qxd6 Rf7 27. Qh2 Rf8 28. Qh4 Qg6 29. e5 Nb4 30. a3 Nd5 31. Bd3 Qe8 32. Qg3 Bb5 33. Nd2 Rxf1+ 1/2-1/2